000 00301nam a22001337a 4500
008 181102b xxu||||| |||| 00| 0 eng d
020 _a9780316203975
041 _aeng
080 _a616.34
100 _a9
101 _aGAS
245 _aManual of Gastroenterology
_cEastwood, G.L
942 _2udc
_cBK
999 _c51617
_d51617